000
00298nam a22001217a 4500
082
_a
297.122
_b
ALI
100
_a
Ali, Syed Farman
245
_a
Al Quran /
_c
Syed Farman Ali
260
_a
Lahore :
_b
Chand Company,
_c
N.A.
300
_a
726 p. ;
_c
28 cm.
563
_a
H.B.
942
_2
ddc
_c
BK
999
_c
593286
_d
593286